Guess 8 ghanaian footballers by image - Statistics

General Stats
  • This quiz has been taken 129 times
  • The average score is 5 of 8
Answer Stats
Picture Answer % Correct
Thomas Partey
90%
Michael Essien
88%
Kevin-Prince Boateng
87%
Andre Ayew
78%
Inaki Williams
75%
Asamoah Gyan
58%
Sulley Muntari
49%
Samuel Kuffour
24%
No matching quizzes found
Score Distribution
Percent of People with Each Score
Percentile by Number Answered
Your Score History
You have not taken this quiz